00831nam a22002537a 450000500170000001000110001702000100002803500110003803700160004904000120006508200160007710000290009324500510012225000110017326000460018427000130023030000260024350000480026965000340031765000490035194200250040099900190042595201330044420170124105934.0 a148712 c00.00 a148712 bCen Lib/Ret aDPLbEN a370.15bSOR aSorenson, Herbert991247 aPsychology in education /cby Herbert Sorenson a3rd ed aNew YorkbMc Graw-Hill Book Companyc1954 bNew York aviii, 577p.c22cm(Hb) aIncludes bibliographic references and index aEducational psychology991248 aHuman physical growth and development991249 2ddccENh370.15mSOR c124071d124071 00104070aLbLd2015-06-13eCen Lib/Retg0.00l2o370.15 SORp148712r2017-09-05 00:00:00s2017-08-21t1v0.00w2015-06-13yEN